000 01116nam a2200241 i 4500
001 67200
003 ES-MaACL
005 20250806062537.0
007 t|
008 040511s2004 sp ||||1| spa d
080 _a821.134.2 Pérez Zaragoza Godínez, Agustín 1.07
100 1 _aSánchez Álvarez-Insúa, Alberto,
_d1942-2011
_9102453
245 1 3 _aEl horror de Mesonero Romanos: "La galería fúnebre" de Agustín Pérez Zaragoza /
_cpor Alberto Sánchez Alvarez-Insúa.
260 _aMadrid :
_bAyuntamiento de Madrid, Concejalía de Gobierno de las Artes :
_bInstituto de Estudios Madrileños,
_c2004.
300 _a39 p. ;
_c21 cm.
490 1 _aCiclo de conferencias: Don Ramón de Mesonero Romanos y su tiempo ;
_v4
500 _aPrecede al tít.: Centro Mesonero Romanos.
600 1 4 _aPérez Zaragoza Godínez, Agustín,
_dca. 1780-
_xCrítica e interpretación
_991229
710 2 _aInstituto de Estudios Madrileños
_94916
830 0 _aCiclo de conferencias: Don Ramón de Mesonero Romanos y su tiempo ;
_v4
_9183143
852 _aES-MaACL
_j2175-F-7
_bR.133758
999 _c67200
_d67200